EA FC24 Others TOTS - Statistics

General Stats
  • This quiz has been taken 13 times
  • The average score is 2 of 6
Answer Stats
Rate Club Nation Answer % Correct
93 Gornik Zabrze Germany Lukas Podolski
70%
92 Rangers England James Tavernier
60%
88 Salzburg Serbia Strahinja Pavlovic
30%
89 Celtic Ireland Liam Scales
10%
91 Lugano Switzerland Renato Steffen
10%
91 Malmo Sweden Sebastian Nanasi
10%
No matching quizzes found
Score Distribution
Percent of People with Each Score
Percentile by Number Answered
Your Score History
You have not taken this quiz